Tomato production processing and technology
Guardat en:
| Autor principal: | |
|---|---|
| Format: | Llibre |
| Idioma: | anglès |
| Publicat: |
Baltimore
CTI
1992
|
| Edició: | 3a. ed |
| Matèries: | |
| Etiquetes: |
Afegir etiqueta
Sense etiquetes, Sigues el primer a etiquetar aquest registre!
|
MARC
| LEADER | 00000nam a2200000 a 4500 | ||
|---|---|---|---|
| 001 | UCX9003 | ||
| 003 | CL-VaPUC | ||
| 008 | 940511e19920000US |||||||||||||||||eng|d | ||
| 082 | 0 | 4 | |a 664.8056 |b GOU |2 21 |
| 100 | |a Gould, Wilbur A |e author |9 326279 | ||
| 245 | 1 | 0 | |a Tomato production processing and technology |
| 250 | |a 3a. ed | ||
| 300 | |a 536 p | ||
| 942 | |c BK | ||
| 945 | |d 19940511 00:00:00 |a mfernand | ||
| 260 | |a Baltimore |b CTI |c 1992 | ||
| 650 | 7 | |a TOMATE |2 CL-VaPUC |9 264158 | |
| 650 | 7 | |a LYCOPERSICON ESCULENTUM |2 CL-VaPUC |9 264426 | |
| 583 | |a last modification |c 20170807 04:32:57 |k Rodrigo Vera | ||
| 999 | |c 228363 |d 228361 | ||
| 952 | |0 0 |1 0 |4 0 |6 664_805600000000000_GOU_1992 |7 0 |8 A |9 228332 |a BIBALI |b BIBALI |d 2019-11-15 |i 2978806 |o 664.8056 GOU 1992 |p 2978806 |r 2025-01-20 |w 2019-11-15 |y BK |k ALI | ||